00000000nam##2200000za#4500
0019.695257
003CaOODSP
00520210624234508
007cr |||||||||||
008150407|2009||||xxc|||||o    f|0| 0 eng|d
040 |aCaOODSP|beng
043 |an-cn---
0861 |aYM20-11/2009E-PDF
24500|aYouth and democracy - a dialogue session : |h[electronic resource]|bhosted by the Library of Parliament, Ottawa, Canada, 25 September 2009 / |c[by] Amanda Clarke.
260 |aOttawa - Ontario : |bLibrary of Parliament |c2009.
300 |a24p.
590 |a12-30-Supp|b2012-06-28
7101 |aCanada. |bLibrary of Parliament.
7201 |aClarke, Amanda
77508|tLes jeunes et la démocratie - séance de dialogue : |w(CaOODSP)9.639403
85640|ahttp://publications.gc.ca|qPDF|s169 KB|uhttps://publications.gc.ca/collections/collection_2011/bdp-lop/YM20-11-2009-eng.pdf